Principles of genetics / (Record no. 4097)

MARC details
000 -LEADER
fixed length control field 00767cam a22002412 4500
001 - CONTROL NUMBER
control field 0000020313
005 - DATE AND TIME OF LATEST TRANSACTION
control field 20151217145924.0
008 - FIXED-LENGTH DATA ELEMENTS--GENERAL INFORMATION
fixed length control field 110912s xx 000 0 eng d
020 ## - INTERNATIONAL STANDARD BOOK NUMBER
International Standard Book Number 8126510436 :
040 ## - CATALOGING SOURCE
Original cataloging agency KABU
Transcribing agency KABU
100 1# - MAIN ENTRY--PERSONAL NAME
Personal name Gardner, Eldon.
-- 0000157865
245 10 - TITLE STATEMENT
Title Principles of genetics /
Statement of responsibility, etc. Eldon Gardner, Michael J. Simmons, D. Peter Snustad.
250 ## - EDITION STATEMENT
Edition statement 8th ed.
260 ## - PUBLICATION, DISTRIBUTION, ETC. (IMPRINT)
Place of publication, distribution, etc. Delhi :
Name of publisher, distributor, etc. John Wiley,
Date of publication, distribution, etc. 2005.
300 ## - PHYSICAL DESCRIPTION
Extent xviii, 119 p.
650 #0 - SUBJECT ADDED ENTRY--TOPICAL TERM
Topical term or geographic name as entry element Genetics.
-- 0000155274
700 1# - ADDED ENTRY--PERSONAL NAME
Personal name Snustad, D. Peter.
-- 0000157866
700 1# - ADDED ENTRY--PERSONAL NAME
Personal name Simmons, Michael J.
-- 0000180474
852 1# - LOCATION
-- p1450 KES
852 1# - LOCATION
-- p1450 KES
908 ## - PUT COMMAND PARAMETER (RLIN)
Put command parameter 110912
950 ## - LOCAL HOLDINGS (RLIN)
-- 1
Holdings
Withdrawn status Lost status Source of classification or shelving scheme Not for loan Home library Current library Date acquired Total Checkouts Full call number Barcode Date last seen Date last checked out Price effective from Koha item type Total Renewals
    Library of Congress Classification   Kabarak, Main Campus Kabarak, Main Campus 17/12/2015 2 QH430 .G37 2005 c. 1 19171 03/11/2019 02/11/2019 17/12/2015 General Collection  
    Library of Congress Classification   Kabarak, Main Campus Kabarak, Main Campus 17/12/2015 2 QH430 .G37 2005 c. 2 21439 29/11/2019 29/11/2019 17/12/2015 General Collection 1
Designed with assistance from East African Informatics Ltd